| 000 | 00413 a2200157 4500 | ||
|---|---|---|---|
| 005 | 20250319092839.0 | ||
| 020 | _a17-602664-9 | ||
| 082 | _a510 EBO | ||
| 100 | _aEBOS, F. | ||
| 245 | _aMath Matter, book 2. | ||
| 250 | _aBritish Colombia Ed. | ||
| 260 |
_aCanada, _bA Division of International Thomson limited, _c1989. |
||
| 300 |
_a380p.: Ill.;figures. _bIndex _c24cm. |
||
| 700 | _aPAUL, ZOLIS. | ||
| 942 |
_2ddc _cBKS |
||
| 999 |
_c927 _d927 |
||